00319nam a22001337a 4500008004100000020001800041041000800059080001500067100000700082101000800089245005900097942001200156999001700168181029b xxu||||| |||| 00| 0 eng d a2740356213751 aeng 29 EDa621 a26 aENG aProbality Statistics For EngineringcJohnson.R.A 2udccBK c50987d50987